000 nam a22 a 4500
999 _c139548
_d139548
003 BLK
005 20210205094407.0
008 180409b bul|||||r ||||||| ||bul||
010 _aKNG00145595000
040 _aBLK
041 _aBUL
_cBUL
080 _aБългарска литература
_b821.163.2
_x-93-1
_z821.163.2-93-1
100 1 _aДушков, Атанас Гаврилов
_eпърви автор
_9365078
139 _aДушков, Атанас Гаврилов
_bД 94
245 1 0 _aПетю на фестивал
_bПоема за деца
_cАтанас Гаврилов Душков; ил. Георги Ковачев.
257 _aBGR
260 _bБълг. художник
_c1964
_aСофия
300 _a17 с.
_bс ил.
_c30 см
380 _aDX
500 _a60 100 тир.
700 1 _aКовачев, Георги
_eил.
_9368262
852 _aЦб ІІ 18139
856 4 _qpdf
856 4 _qpdf
942 _cKNG
_n0
_s1
944 _aCR
_c11.07.2013
_l11.07.2013 - от С1,Р / 11.07.2013
_kАйшегюл_Сабриева
944 _aED
_c11.07.2013
_l11.07.2013 - от С1,Р / 11.07.2013
999 _d139548